01135cam a2200325 a 450000100040000000500170000402000180002104000330003905000140007208200090008610000240009524501700011925000460028926000220033530000400035749000430039750000290044050500080046952001030047752100200058052100200060065000230062065000320064365000310067565000100070665000190071665000180073570000250075370000310077883520230908161803.0 a9780545384872 aDLCcDLCdIG#dHBPdDLCbeng00aSF426.O8300aFic 1 aOsborne, Mary Pope.10aDog heroes :ba nonfiction companion to Magic tree house #46: Dogs in the dead of night /cby Mary Pope Osborne and Natalie Pope Boyce ; illustrated by Sal Murdocca. aFirst Scholastic printing, September 2011 aNew York :c2011. a119 pages :billustrations ;c20 cm aMagic Tree House Fact TrackervBook 46 a"A Stepping Stone book." aR  aAnswers questions about the history and behavior of dogs and provides true stories of dog heroics.1 a770 bLexile 1 aR bRaz-Plus  0aDogsvNon-fiction. 0aAnimal heroesvNon-fiction. 0aWorking dogsvNon-fiction. 1aDogs. 1aAnimal heroes. 1aWorking dogs.1 aBoyce, Natalie Pope.1 aMurdocca, Saleillustrator